000 01636nam2a2200241 i 4500
001 RU\NLR\BIBL_A\011092666
005 20240729015247.0
021 _aRU
_b2016-19139
_91227
035 _a(NLR Aleph) 011092666
090 _a11376776
_c11376776
100 _a20160401d2013 u y0rusy50 ca
101 0 _arus
102 _aRU
105 _aa j 000yy
200 0 _aЧ. 1.
210 _d2013
215 _a285 с.
_cил.
320 _aБиблиогр.: с. 277-278 (21 назв.)
461 0 _1001RU\NLR\BIBL_A\011003501
_12000#$aКурс лекций по математике для строительных специальностей$vЧ. 1
_1700#1$aПавлов$bИ.В.$gИгорь Викторович
_910979701
_aПавлов, И. В. (д-р физ.-мат. наук)
_cРостов-на-Дону
_d2014
_fИ.В. Павлов, В.В. Шамраева
_nРостовский государственный строительный университет
_oучебное пособие : [для обучающихся по направлениям подготовки по ФГОС 190700 "Технология транспортных процессов", 270800 "Строительство", 280700 "Техносферная безопасность" и по специальностям 120401 "Прикладная геодезия", 271101 "Строительство уникальных зданий и сооружений"]
_tКурс лекций по математике для строительных специальностей
_vЧ. 1
942 _cBOOK
980 _aNBR